Standard first aid, CPR and AED / (Record no. 283258)
[ view plain ]
| 000 -LEADER | |
|---|---|
| fixed length control field | 00344nam a2200121Ia 4500 |
| 008 - FIXED-LENGTH DATA ELEMENTS--GENERAL INFORMATION | |
| fixed length control field | 150223s9999 xx 000 0 und d |
| 020 ## - INTERNATIONAL STANDARD BOOK NUMBER | |
| International Standard Book Number | 9780071257756 |
| 050 ## - LIBRARY OF CONGRESS CALL NUMBER | |
| Classification number | RC 86.7 |
| 245 ## - TITLE STATEMENT | |
| Title | Standard first aid, CPR and AED / |
| 250 ## - EDITION STATEMENT | |
| Edition statement | International |
| 260 ## - PUBLICATION, DISTRIBUTION, ETC. (IMPRINT) | |
| Place of publication, distribution, etc | New York : |
| Name of publisher, distributor, etc | McGraw-Hill , |
| Date of publication, distribution, etc | 2006 |
| 300 ## - PHYSICAL DESCRIPTION | |
| Extent | 138 pages : |
| Other physical details | Illustration ; |
| Dimensions | 26 cm. |
No items available.